000 00466nam a22002057a 4500
001 21577
005 20260318120746.0
008 260318b |||||||| |||| 00| 0 spa d
041 _aESP
082 _a346.6
_bP26
100 _a,
245 _aNegociación y perfección de los contratos
260 _a :
_b ,
_c2014
300 _a1129 páginas :
_b ;
_c24 cm.
440 _a ;
650 _aGEN
654 _aCAN
700 _a;
942 _cLIB
_dJUS
_fJUS
_2ddc
999 _c21577
_d21577